Open Data Biblioteca Nacional de Portugal


República Portuguesa: Ministério da Cultura
Biblioteca Nacional de Portugal

Catálogo da BNP: acesso por Identificadores Unívocos
Registos Bibliográficos associados ao registo de autoridade

Etiqueta de registo: 00254nam 2200025 450
001 2284971
003 http://id.bnportugal.gov.pt/bib/catbnp/2284971
010 ## $a978-989-679-917-5
021 ## $aPT$b498213/22
100 ## $a20260421d2022 c y0pory01030103ba
101 1# $apor
102 ## $aPT
105 ## $aa z 000yy
106 ## $ar
200 1# $aTodos juntos$fBritta Teckentrup$gtrad. e adapt. Carina Mariais
205 ## $a1ª ed
210 #9 $aLisboa$cEdicare,$d2022
215 ## $a[28] p.$cil.$d29 cm
700 #1 $aTeckentrup,$bBritta,$f1969-$31742584
702 #1 $aMariais,$bCarina$4730$31905958
801 #0 $aPT$bBN$gRPC
966 ## $lBN$mFGMON$x1
966 ## $lBN$mFGMON$x1
971 ## $cssilva$d20260421

Etiqueta de registo: 00254nam 2200025 450
001 2155650
003 http://id.bnportugal.gov.pt/bib/catbnp/2155650
010 ## $a978-989-679-830-7
021 ## $aPT$b481007/21
100 ## $a20240207d2021 b y0pory01030103ba
101 1# $apor$ceng
102 ## $aPT
105 ## $aa z 000fy
106 ## $ar
200 1# $a As pintas e os pontos ;$a Os pontos e as pintas$fHelen Baugh, Marion Deuchars$gtrad. e adapt. Carina Mariais
205 ## $a1ª ed
210 #9 $aLisboa$cEdicare,$d2021
215 ## $a[17] p., [17] p.$cil.$d29 cm
517 1# $a Os pontos e as pintas
675 ## $a087.5$vBN$zpor$3287999
675 ## $a821.111-93"20"$vBN$zpor$31119373
700 #1 $aBaugh,$bHelen$31905956
701 #1 $aDeuchars,$bMarion,$f1964-$4070$31736658
702 #1 $aMariais,$bCarina$4730$31905958
801 #0 $aPT$bBN$gRPC
856 41 $uhttp://rnod.bnportugal.gov.pt/ImagesBN/winlibimg.aspx?skey=&doc=2155650&img=189575&save=true
900 ## $aBIBNAC$d20240315
966 ## $lBN$mFGMON$sP. 65593 V.$x1
966 ## $lBN$mFGMON$sP. 65593 V.-D$x1
971 ## $corlando$d20240207
972 ## $e0$z0$d20240315$vmsebas
973 ## $ctrodrigues$d20240220

Etiqueta de registo: 00254nam 2200025 450
001 2170867
003 http://id.bnportugal.gov.pt/bib/catbnp/2170867
010 ## $a978-989-573-072-8
021 ## $aPT$b532619/24
100 ## $a20240626d2024 a y0pory01030103ba
101 0# $apor
102 ## $aPT
105 ## $aa z 000yy
106 ## $ar
200 1# $aFactos da bola$ejogos e curiosidades$fMarta Nunes, Carina Mariais$gil. Ana Rita Malveiro
210 #9 $aLisboa$cEdicare,$dcop. 2024
215 ## $a99, [1] p.$cil.$d20 cm
675 ## $a087.5$vBN$zpor$3287999
675 ## $a796.33(0.053.5)$vBN$zpor$31808397
700 #1 $aNunes,$bMarta,$f1984-$31755799
701 #1 $aMariais,$bCarina$4070$31905958
702 #1 $92$aMalveiro,$bAna Rita$4440$31819933
801 #0 $aPT$bBN$gRPC
856 41 $uhttp://rnod.bnportugal.gov.pt/ImagesBN/winlibimg.aspx?skey=&doc=2170867&img=195619&save=true
900 ## $aBIBNAC$d20240808
966 ## $lBN$mFGMON$sP. 29128 P.$x1
966 ## $lBN$mFGMON$sP. 29128 P.-D$x1
971 ## $cabrito$d20240626
972 ## $e0$z0$d20240808$viquintas
973 ## $cmlsousa$d20240710

Etiqueta de registo: 00254nam 2200025 450
001 2223080
003 http://id.bnportugal.gov.pt/bib/catbnp/2223080
010 ## $a978-989-573-072-8
021 ## $aPT$b551238/25
100 ## $a20240626d2025 a y0pory01030103ba
101 0# $apor
102 ## $aPT
105 ## $aa z 000yy
106 ## $ar
200 1# $aFactos da bola$ejogos e curiosidades sobre futebol$fMarta Nunes, Carina Mariais$gil. Ana Rita Malveiro
205 ## $a2ª ed
210 #9 $aLisboa$cEdicare,$d2025
215 ## $a99, [1] p.$cil.$d20 cm
675 ## $a087.5$vBN$zpor$3287999
675 ## $a796.33(0.053.5)$vBN$zpor$31808397
700 #1 $aNunes,$bMarta,$f1984-$31755799
701 #1 $aMariais,$bCarina$4070$31905958
702 #1 $92$aMalveiro,$bAna Rita$4440$31819933
801 #0 $aPT$bBN$gRPC
856 41 $uhttp://rnod.bnportugal.gov.pt/ImagesBN/winlibimg.aspx?skey=&doc=2223080&img=212293&save=true
900 ## $aBIBNAC$d20250922
966 ## $lBN$mFGMON$sP. 30509 P.$x1
966 ## $lBN$mFGMON$sP. 30509 P.-D$x1
971 ## $cssilva$d20250813
972 ## $e0$z0$d20250922$vlrevez
973 ## $cacosta$d20250915

Etiqueta de registo: 00254nam 2200025 450
001 2284940
003 http://id.bnportugal.gov.pt/bib/catbnp/2284940
010 ## $a978-989-679-948-9
021 ## $aPT$b500711/22
100 ## $a20260421d2023 c y0pory01030103ba
101 1# $apor$ceng
102 ## $aPT
105 ## $aa z 000fy
106 ## $ar
200 1# $a O meu guarda-chuva$fEmily Ann Davison$gil. Momoko Abe$gtrad. Carina Mariais
205 ## $a1ª ed
210 #9 $aLisboa$cEdicare,$d2023
215 ## $a[28] p.$cil.$d27 cm
675 ## $a087.5$vBN$zpor$3287999
675 ## $a821.111-93"20"$vBN$zpor$31119373
700 #1 $aDavison,$bEmily Ann$31996490
701 #1 $aAbe,$bMomoko$4440$31996491
702 #1 $aMariais,$bCarina$4730$31905958
801 #0 $aPT$bBN$gRPC
966 ## $lBN$mFGMON$sP. 72882 V.$x1
966 ## $lBN$mFGMON$sP. 72882 V.-D$x1
971 ## $cssilva$d20260421
973 ## $cigoulao$d20260601

Etiqueta de registo: 00254nam 2200025 450
001 2284934
003 http://id.bnportugal.gov.pt/bib/catbnp/2284934
010 ## $a978-989-679-979-3
021 ## $aPT$b510945/23
100 ## $a20260421d2023 c y0pory01030103ba
101 1# $apor$ceng
102 ## $aPT
105 ## $aa z 000fy
106 ## $ar
200 1# $aRex e o abraço impossível$fJonathan Stutzman$gil. Jay Fleck$gtrad. Carina Mariais
205 ## $a1ª ed
210 #9 $aLisboa$cEducare,$d2023
215 ## $a[44] p.$cil.$d24 cm
675 ## $a087.5$vBN$zpor$3287999
675 ## $a821.111(73)-93"20"$vBN$zpor$31050222
700 #1 $aStutzman,$bJonathan$31996489
701 #1 $aFleck,$bJay$4440$31785415
702 #1 $aMariais,$bCarina$4730$31905958
801 #0 $aPT$bBN$gRPC
966 ## $lBN$mFGMON$x1
966 ## $lBN$mFGMON$x1
971 ## $cssilva$d20260421
973 ## $caalmeid$d20260602

Etiqueta de registo: 00254nam 2200025 450
001 2285187
003 http://id.bnportugal.gov.pt/bib/catbnp/2285187
010 ## $a978-989-573-001-8
021 ## $aPT$b514515/23
100 ## $a20260424d2023 em y0pory01030103ba
101 1# $apor
102 ## $aPT
105 ## $aa z 000yy
106 ## $ar
200 1# $aIoga para desajeitados$ftexto e il. Marion Deuchars$gtrad. Carina Mariais, Joana Barcelos
205 ## $a1ª ed
210 #9 $aLisboa$cEdicare,$d2023
215 ## $a[80] p.$cil.$d19 cm
700 #1 $aDeuchars,$bMarion,$f1964-$31736658
702 #1 $aMariais,$bCarina$4730$31905958
702 #1 $aBarcelos,$bJoana$4730$31996828
801 #0 $aPT$bBN$gRPC
966 ## $lBN$mFGMON$x1
966 ## $lBN$mFGMON$x1
971 ## $cssilva$d20260424

Etiqueta de registo: 00254nam 2200025 450
001 2285203
003 http://id.bnportugal.gov.pt/bib/catbnp/2285203
010 ## $a978-989-679-967-0
021 ## $aPT$b514951/23
100 ## $a20260424d2023 c y0pory01030103ba
101 1# $apor
102 ## $aPT
105 ## $aa z 000fy
106 ## $ar
200 1# $a O meu pai$fSusan Quinn, Marina Ruiz$gtrad. e adapt. Carina Mariais
205 ## $a2ª ed
210 #9 $aLisboa$cEdicare,$d2023
215 ## $a[32] p.$cil.$d30 cm
675 ## $a087.5$vBN$zpor$3287999
675 ## $a821.111-93"20"$vBN$zpor$31119373
700 #1 $aQuinn,$bSusan$31996849
701 #1 $aRuiz,$bMarina$4440$31996851
702 #1 $aMariais,$bCarina$4730$31905958
801 #0 $aPT$bBN$gRPC
966 ## $lBN$mFGMON$x1
966 ## $lBN$mFGMON$x1
971 ## $corlando$d20260424
973 ## $ctrodrigues$d20260602

Etiqueta de registo: 00254nam 2200025 450
001 2285301
003 http://id.bnportugal.gov.pt/bib/catbnp/2285301
010 ## $a978-989-573-063-6
021 ## $aPT$b529297/24
100 ## $a20260427d2024 c y0pory01030103ba
101 1# $apor
102 ## $aPT
105 ## $aa z 000yy
106 ## $ar
200 1# $aCinzento$fLaura Dockrill$gil. Lauren Child$gtrad. Carina Mariais
205 ## $a1ª ed
210 #9 $aLisboa$cEdicare,$d2024
215 ## $a[36] p.$cil.$d30 cm
675 ## $a087.5$vBN$zpor$3287999
675 ## $a159.942(0.053.5)$vBN$zpor$31503727
700 #1 $aDockrill,$bLaura,$f1986-$31997001
701 #1 $aChild,$bLauren,$f1965-$4440$3809662
702 #1 $aMariais,$bCarina$4730$31905958
801 #0 $aPT$bBN$gRPC
966 ## $lBN$mFGMON$sP. 72869 V.$x1
966 ## $lBN$mFGMON$sP. 72869 V.-D$x1
971 ## $cssilva$d20260427
973 ## $cmlsousa$d20260601

Etiqueta de registo: 00254nam 2200025 450
001 2285267
003 http://id.bnportugal.gov.pt/bib/catbnp/2285267
010 ## $a978-989-679-976-2
021 ## $aPT$b506537/22
100 ## $a20260427d2023 c y0pory01030103ba
101 1# $apor
102 ## $aPT
105 ## $aa z 000gy
106 ## $ar
200 1# $a Uma canção cheia de céu$ftexto Ruth Doyle$gil. Britta Teckentrup$gtrad. e adapt. Carina Mariais
205 ## $a1ª ed
210 #9 $aLisboa$cEdicare,$d2023
215 ## $a[32] p.$cil.$d29 cm
675 ## $a087.5$vBN$zpor$3287999
675 ## $a821.111-93"20"$vBN$zpor$31119373
700 #1 $aDoyle,$bRuth$31996927
701 #1 $aTeckentrup,$bBritta,$f1969-$4440$31742584
702 #1 $aMariais,$bCarina$4730$31905958
801 #0 $aPT$bBN$gRPC
856 41 $uhttp://rnod.bnportugal.gov.pt/ImagesBN/winlibimg.aspx?skey=&doc=2285267&img=222846&save=true
966 ## $lBN$mFGMON$sP. 72849 V.$x1
966 ## $lBN$mFGMON$sP. 72849 V.-D$x1
971 ## $corlando$d20260427
973 ## $cigoulao$d20260529

Etiqueta de registo: 00254nam 2200025 450
001 2285262
003 http://id.bnportugal.gov.pt/bib/catbnp/2285262
010 ## $a978-989-679-990-8
021 ## $aPT$b509830/23
100 ## $a20260427d2023 c y0pory01030103ba
101 1# $apor
102 ## $aPT
105 ## $aa z 000yy
106 ## $ar
200 1# $aMaravilhosa Mia$ftexto Lou Peacock$gil. Ingela P. Arrhenius$gtrad. Carina Mariais
205 ## $a1ª ed
210 #9 $aLisboa$cEdicare,$d2023
215 ## $a[32] p.$cil.$d29 cm
700 #1 $aPeacock,$bLou$31905150
701 #1 $aArrhenius,$bIngela P.,$f1967-$4440$31996921
702 #1 $aMariais,$bCarina$4730$31905958
801 #0 $aPT$bBN$gRPC
966 ## $lBN$mFGMON$x1
966 ## $lBN$mFGMON$x1
971 ## $corlando$d20260427

Etiqueta de registo: 00254nam 2200025 450
001 2285257
003 http://id.bnportugal.gov.pt/bib/catbnp/2285257
010 ## $a978-989-679-974-8
021 ## $aPT$b506432/22
100 ## $a20260427d2023 c y0pory01030103ba
101 1# $apor
102 ## $aPT
105 ## $aa z 000fy
106 ## $ar
200 1# $aFolhas$ftexto e il. Stephen Hogtun$gtrad. Carina Mariais
205 ## $a1ª ed
210 #9 $aLisboa$cEdicare,$d2023
215 ## $a[31] p.$cil.$d29 cm
675 ## $a087.5$vBN$zpor$3287999
675 ## $a821.113.5-93"20"$vBN$zpor$31524188
700 #1 $aHogtun,$bStephen$31996913
702 #1 $aMariais,$bCarina$4730$31905958
801 #0 $aPT$bBN$gRPC
856 41 $uhttp://rnod.bnportugal.gov.pt/ImagesBN/winlibimg.aspx?skey=&doc=2285257&img=222790&save=true
966 ## $lBN$mFGMON$sP. 72832 V.$x1
966 ## $lBN$mFGMON$sP. 72832 V.-D$x1
971 ## $corlando$d20260427
973 ## $caalmeid$d20260528

Etiqueta de registo: 00254nam 2200025 450
001 2285433
003 http://id.bnportugal.gov.pt/bib/catbnp/2285433
010 ## $a978-989-679-989-2
021 ## $aPT$b509826/23
100 ## $a20260428d2023 c y0pory01030103ba
101 1# $apor
102 ## $aPT
105 ## $aa z 000yy
106 ## $ar
200 1# $a Uma girafa e meia$ftexto e il. Nicola Kent$gtrad. Carina Mariais
205 ## $a1ª ed
210 #9 $aLisboa$cEdicare,$d2023
215 ## $a[28] p.$cil.$d31 cm
700 #1 $aKent,$bNicola$31997173
702 #1 $aMariais,$bCarina$4730$31905958
801 #0 $aPT$bBN$gRPC
966 ## $lBN$mFGMON$x1
966 ## $lBN$mFGMON$x1
971 ## $cssilva$d20260428

Etiqueta de registo: 00254nam 2200025 450
001 2285428
003 http://id.bnportugal.gov.pt/bib/catbnp/2285428
010 ## $a978-989-679-995-3
021 ## $aPT$b512415/23
100 ## $a20260428d2023 c y0pory01030103ba
101 1# $apor
102 ## $aPT
105 ## $aa z 000fy
106 ## $ar
200 1# $a Um ano no bosque$ftexto e il. Alice Melvin$gtrad. e adapt. Carina Mariais
205 ## $a1ª ed
210 #9 $aLisboa$cEdicare,$d2023
215 ## $a1 v.$cil.$d31 cm
675 ## $a087.5$vBN$zpor$3287999
675 ## $a821.111-93"20"$vBN$zpor$31119373
700 #1 $aMelvin,$bAlice$31997169
702 #1 $aMariais,$bCarina$4730$31905958
801 #0 $aPT$bBN$gRPC
966 ## $lBN$mFGMON$sP. 6101 A.$x1
966 ## $lBN$mFGMON$sP. 6101 A.-D $x1
971 ## $cssilva$d20260428
973 ## $cmlsousa$d20260601

Etiqueta de registo: 00254nam 2200025 450
001 2285270
003 http://id.bnportugal.gov.pt/bib/catbnp/2285270
010 ## $a978-989-679-975-5
021 ## $aPT$b506536/22
100 ## $a20260427d2023 c y0pory01030103ba
101 1# $apor
102 ## $aPT
105 ## $aa z 000fy
106 ## $ar
200 1# $aAzul$ftexto e il. Britta Teckentrup$gtrad. Carina Mariais
205 ## $a1ª ed
210 #9 $aLisboa$cEdicare,$d2023
215 ## $a[26] p.$cil.$d26 cm
675 ## $a087.5$vBN$zpor$3287999
675 ## $a821.111-93"20"$vBN$zpor$31119373
700 #1 $aTeckentrup,$bBritta,$f1969-$31742584
702 #1 $aMariais,$bCarina$4730$31905958
801 #0 $aPT$bBN$gRPC
966 ## $lBN$mFGMON$x1
966 ## $lBN$mFGMON$x1
971 ## $corlando$d20260427
973 ## $ctrodrigues$d20260602

Etiqueta de registo: 00254nam 2200025 450
001 2285222
003 http://id.bnportugal.gov.pt/bib/catbnp/2285222
010 ## $a978-989-573-048-3
021 ## $aPT$b525520/23
100 ## $a20260424d2024 c y0pory01030103ba
101 1# $apor
102 ## $aPT
105 ## $aa z 000fy
106 ## $ar
200 1# $aCom tempo$ftexto e il. Marina Ruiz$gtrad. Carina Mariais
205 ## $a1ª ed
210 #9 $aLisboa$cEdicare,$d2024
215 ## $a[40] p.$cil.$d29 cm
675 ## $a087.5$vBN$zpor$3287999
675 ## $a821.134.2-93"20"$vBN$zpor$31261809
700 #1 $aRuiz,$bMarina$31996851
702 #1 $aMariais,$bCarina$4730$31905958
801 #0 $aPT$bBN$gRPC
966 ## $lBN$mFGMON$x1
966 ## $lBN$mFGMON$x1
973 ## $cmlsousa$d20260602

OpendataBNP@bnportugal.pt | Mais informação sobre acesso aos dados BNP